000 00361nam a22001457a 4500
005 20251002135419.0
008 250916b |||||||| |||| 00| 0 eng d
022 _a2243-920X
040 _cURS
082 _a371.1
245 _aThe Professional Teacher
264 _aQuezon City:
_bLorimar Publishing Inc.
650 _aTeaching Profession.
942 _2ddc
_cCR
999 _c86888
_d86886